[Event "Tbilisi Cup"]
[Site "Tbilisi"]
[Date "2010.05.15"]
[Round "1"]
[White "Khotenashvili, Bela"]
[Black "Pantsulaia, Tornike"]
[Result "1-0"]
[WhiteElo "2410"]
[BlackElo "1897"]
[PlyCount "67"]
[EventDate "2010.05.15"]
[EventType "swiss"]
[EventRounds "9"]
[EventCountry "GEO"]
[SourceTitle "CBM 136 Extra"]
[Source "ChessBase"]
[SourceDate "2010.07.02"]
[SourceVersion "2"]
[SourceVersionDate "2010.07.15"]
[SourceQuality "1"]

1. d4 Nf6 2. Nf3 e6 3. g3 d5 4. Bg2 b6 5. 0-0 Bb7 6. c4 Be7 7. Qa4+ Qd7 8. Qc2 Qc8 9. Nc3 0-0 10. cxd5 exd5 11. Ng5 Rd8 12. Bh3 Nbd7 13. e4 dxe4 14. Ncxe4 Nxe4 15. Nxe4 c5 16. d5 Bxd5 17. Re1 Bf8 18. Bg5 f6 19. Bxf6 Re8 20. Ng5 g6 21. Bc3 Qc6 22. Qd3 Bg7 23. Rxe8+ Rxe8 24. Rd1 Bxc3 25. Bxd7 Qxd7 26. bxc3 Rd8 27. Ne4 Kf7 28. c4 Bc6 29. Qf3+ Qf5 30. Qxf5+ gxf5 31. Rxd8 Bxe4 32. Rd7+ Ke6 33. Rxa7 Bd3 34. Rxh7 1-0

[Event "EU-ch U14"]
[Site "Herceg Novi"]
[Date "2006.09.14"]
[Round "5"]
[White "Pantsulaia, Tornike"]
[Black "Homatidis, Panagiotis"]
[Result "0-1"]
[WhiteElo "1871"]
[BlackElo "2031"]
[PlyCount "60"]
[EventDate "2006.09.10"]
[EventType "swiss"]
[EventRounds "9"]
[EventCountry "MNE"]
[SourceTitle "CBM 114 Extra"]
[Source "ChessBase"]
[SourceDate "2006.11.03"]
[SourceVersion "1"]
[SourceVersionDate "2006.11.03"]
[SourceQuality "1"]

1. e4 c5 2. Nf3 d6 3. d4 cxd4 4. Nxd4 g6 5. c4 Bg7 6. Be3 Nc6 7. Nc3 Nf6 8. Be2 0-0 9. 0-0 Nd7 10. Qd2 Nc5 11. Nxc6 bxc6 12. Bd4 Bxd4 13. Qxd4 e5 14. Qd2 Ne6 15. Bd3 Rb8 16. Be2 f5 17. Rab1 f4 18. f3 g5 19. g4 h5 20. h3 hxg4 21. hxg4 Kg7 22. Kg2 Rh8 23. b3 Nf8 24. Kf2 Rh2+ 25. Ke1 Qb6 26. Kd1 Ne6 27. Kc2 Nd4+ 28. Kb2 Be6 29. Ka1 a5 30. Rh1 Nxf3 0-1